|
|
|
|
| LEADER |
00974nam a2200313 a 4500 |
| 001 |
000372621 |
| 003 |
CZ BrMZK |
| 005 |
20210317182047.0 |
| 007 |
ta |
| 008 |
980115s1998 xr e 0 cze d |
| 015 |
|
|
|a cnb000611295
|
| 020 |
|
|
|a 80-7169-448-7
|
| 035 |
|
|
|a (OCoLC)84962819
|
| 040 |
|
|
|a BOA001
|b cze
|
| 072 |
|
7 |
|a 616
|x Patologie. Klinická medicína
|2 Konspekt
|9 14
|
| 080 |
|
|
|a 616.12
|2 MRF
|
| 080 |
|
|
|a (048.8)
|2 MRF
|
| 245 |
0 |
0 |
|a Kardiologie /
|c Miloš Štejfa,... [et al.]
|
| 250 |
|
|
|a 2., přeprac. a dopl. vyd.
|
| 260 |
|
|
|a Praha :
|b Grada,
|c 1998
|
| 300 |
|
|
|a 492 s. :
|b obr. ;
|c 26 cm
|
| 504 |
|
|
|a Obsahuje bibliografii
|
| 650 |
0 |
7 |
|a kardiologie
|7 ph121467
|2 czenas
|
| 655 |
|
7 |
|a monografie
|7 fd132842
|2 czenas
|
| 700 |
1 |
|
|a Štejfa, Miloš,
|d 1898-1971
|7 nlk19990074152
|4 aut
|
| 910 |
|
|
|a BOA001
|b 3-1052.232
|
| 990 |
|
|
|a BK
|
| 991 |
|
|
|b 200706
|
| 996 |
6 |
|
|b 2610082119
|c 3-1052.232
|l MZK
|r Sklad / do 1 hodiny
|n 20
|p p.v.
|w 000372621
|u 000010
|a 1
|e BOA001
|j MZK50
|s P
|